000 00461nam a22001217a 4500
999 _c10232
_d10232
003 OSt
008 201218b ||||| |||| 00| 0 eng d
245 _aIETE Technical Review
250 _a2015(Jan-Feb Vol.32 No.1, Mar-Apr Vol.32 No.2, May-Jun Vol.32 No.3) 2016(Jan-Feb Vol.33 No.1, Mar-Apr Vol.33 No.2)
260 _aNew Delhi
_bInstitution of Electronics and Telecommunication Engineers
650 _aElectronics and Communication Engineering
942 _2ddc
_cBV